000 00543nam a2200181Ia 4500
008 090123s9999 xx 000 0 und d
082 _b11337
100 _aकाळे मेघा
245 _aशालिमारची साद
250 _a2
260 _bशालिमार प्रकाशन
_c1982
300 _a231
600 _aकाळे मेघा
630 _aशालिमारची साद
700 _aकाळे मेघा
730 _aशालिमारची साद
942 _cBOOK
999 _c49400
_d49400